000 00600nam a2200241Ia 4500
003 OSt
005 20220918163525.0
006 a|||||r|||| 00| 0
007 ta
008 220917b |||||||| |||| 00| 0 eng d
020 _a0070420157
024 _a243,795
037 _cTextual
040 _aARTS
_cARTS
_beng
041 _2eng
_aeng
082 _aG, L8
100 _aMiller James Grier
_913527
245 0 _aLiving systems
260 _aNew York
_bMcGraw Hill USA
_c1978
300 _a1102p.
_ccm.
942 _hG, L8
_cTEXL
_2CC
999 _c119919
_d119919